000 00521nam a2200157Ia 4500
008 090123s9999 xx 000 0 und d
082 _b1430
245 _aदिल्लीतील दहा वर्षे
250 _a1
260 _bकेसरी मुद्रणालय
_c1968
300 _a182
630 _aदिल्लीतील दहा वर्षे
700 _aगोडबोले अविनाश
730 _aदिल्लीतील दहा वर्षे
942 _cBOOK
999 _c39512
_d39512